Strategic Industry-University Partnerships Succes-Factors from Innovative Companies
Salvato in:
| Altri autori: | , |
|---|---|
| Natura: | Libro |
| Lingua: | inglese |
| Pubblicazione: |
London
Academic Press/Elsevier
2018
|
| Soggetti: | |
| Tags: |
Nessun Tag, puoi essere il primo ad aggiungerne!!
|
MARC
| LEADER | 00000nam a2200000 4500 | ||
|---|---|---|---|
| 001 | 0278592 | ||
| 005 | 20230404140625.8 | ||
| 020 | |a 978-0-12-810989-2 | ||
| 041 | 0 | |a eng | |
| 044 | |a GB | ||
| 245 | 1 | 0 | |a Strategic Industry-University Partnerships |b Succes-Factors from Innovative Companies |c edited by: Lars Frølund, Max F. Riedel |
| 264 | 1 | |a London |b Academic Press/Elsevier |c 2018 | |
| 300 | |a 201 s. | ||
| 610 | 2 | 0 | |a partnerstvo strategické |
| 610 | 2 | 0 | |a univerzity |
| 610 | 2 | 0 | |a priemysel |
| 610 | 2 | 0 | |a spoločnosti |
| 610 | 2 | 0 | |a organizácie |
| 610 | 2 | 0 | |a inovácia |
| 610 | 2 | 0 | |a spolupráca vedecká |
| 610 | 2 | 0 | |a partnerstvo verejno-súkromné |
| 610 | 2 | 0 | |a technológie nové |
| 700 | 1 | |a Frølund, Lars | |
| 700 | 1 | |a Riedel, Max F. | |